Państwa z największą liczbą osób mówiących po niemiecku - Statystyki

Ogólne statystyki
  • Ten quiz został rozwiązany 154 razy
  • Średni wynik to 10 z 14
Statystyki odpowiedzi
Liczba mówiących % Państwo % Poprawnych
68.1 mln 81.34 Niemcy
99%
8.07 mln 88.6 Austria
98%
5.52 mln 61.4 Szwajcaria
98%
227 tys 0.6 Polska
94%
82.4 tys 0.7 Belgia
89%
1.23 mln 1.77 Francja
88%
1.06 mln 0.3 Stany Zjednoczone
86%
301 tys 0.51 Włochy
83%
322 tys 0.8 Kanada
74%
3.45 mln 1.62 Brazylia
71%
211 tys 0.44 Hiszpania
68%
108 tys 0.4 Australia
59%
82.3 tys 0.65 Boliwia
30%
94.3 tys 0.45 Kazachstan
9%
Nie znaleziono quizów pasujących do podanych kryteriów
Rozkład punktacji
Procent ludzi z każdym wynikiem
Percentyl według liczby udzielonych odpowiedzi
Twoja historia wyników
Nie rozwiązałeś tego quizu